Doing qualitative research : a practical handbook

Αποθηκεύτηκε σε:
Λεπτομέρειες βιβλιογραφικής εγγραφής
Κύριος συγγραφέας: Silverman, David 1943-
Μορφή: Βιβλίο
Γλώσσα:English
Δημοσίευση: London : Sage Publications, c2000
Θέματα:
Ετικέτες: Προσθήκη ετικέτας
Δεν υπάρχουν, Καταχωρήστε ετικέτα πρώτοι!

MARC

LEADER 00000nam a2200000 i 4500
001 1/13704
008 001129s2000 eng d
020 |a 0-7619-5823-1 
035 |l 10064723 
040 |a GR-MY-UA  |b gre  |e aacr 
041 0 |a eng 
082 0 |a 300.72 
100 1 |a Silverman, David  |d 1943- 
245 1 0 |a Doing qualitative research :  |b a practical handbook /  |c David Silverman 
260 |a London :   |b Sage Publications,   |c c2000 
300 |a 316 p. 
504 |a Includes bibliographical references and index 
650 0 0 |a Social sciences  |x Research  |x Methodology. 
852 |a INST  |b LESVOS  |e 20001129  |h 300.72 SIL  |p 005100029468  |q 005100029468  |t BK  |y 0 
901 |a BIBL1-2000-3 
909 |a Λ  |b 082731 
922 |a 1ΕΛΗ  |b 200011  |c ΤΑΚ/ΠΤΕ  |d ΜΙΧΑΛΟΠΟΥΛΟΣ 
950 |a 185-2000-09-13 
970 |a ΤΖΑΦΕΡΗ  |b ΕΥΑΓΓΕΛΙΑ  |z 2000/12/05